| 000 | 01504pam a2200361 a 4500 | ||
|---|---|---|---|
| 001 | thatchfeaturingp00shes | ||
| 003 | CaSfIA | ||
| 005 | 20210119102055.0 | ||
| 007 | cr|||| | ||
| 008 | 901228s1991 nyua 000 0 eng | ||
| 010 | _a 90051019 | ||
| 040 |
_aDLC _cDLC _dYDXCP _dBAKER _dBTCTA _dCaSfIA |
||
| 019 | _a123054259 | ||
| 020 |
_a0679736107 : _c$8.00 (U.S.) ($11.00 Can.) |
||
| 020 | _a9780679736103 | ||
| 035 |
_a(OCoLC)23180456 _z(OCoLC)123054259 |
||
| 050 | 0 | 0 |
_aPN6727.S515 _bT43 1991 |
| 082 | 0 | 0 |
_a741.5/973 _220 |
| 100 | 1 | _aShesol, Jeff. | |
| 245 | 1 | 0 |
_aThatch : _h[electronic resource] _bfeaturing politically correct person / _cby Jeff Shesol. |
| 250 | _a1st ed. | ||
| 260 |
_aNew York : _bVintage Books, _c1991. |
||
| 300 |
_a1 v. (unpaged) : _bill. ; _c16 x 24 cm. |
||
| 500 | _aText in cartoon form. | ||
| 500 | _a"A Vintage original"--T.p. verso. | ||
| 856 | 4 | 1 |
_uhttp://www.archive.org/details/thatchfeaturingp00shes _zFree eBook from the Internet Archive |
| 856 | 4 | 2 |
_uhttp://www.openlibrary.org/books/OL1889373M _zAdditional information and access via Open Library |
| 029 | 1 |
_aYDXCP _b545139 |
|
| 029 | 1 |
_aNZ1 _b4119370 |
|
| 942 | _cEB | ||
| 506 | _fНеобхідна авторизація на https://archive.org/ (створення облікового запису безкоштовно) | ||
| 506 | _fНеобхідна авторизація на https://openlibrary.org/ (створення облікового запису безкоштовно) | ||
| 999 |
_c556268 _d556268 |
||